Informačný spravodaj ZVT

Bibliographic Details
New Title:Spravodajca Závodov výpočtovej techniky Banská Bystrica
Format: Newspaper
Language:Slovak
PhysicalDescription:1 zv. 29 cm
Published: Banská Bystrica Závody výpočtovej techniky 1979
Subjects:

MARC

LEADER 00000cas a2200000 a 4500
001 vtls001271163
003 SK-MaSNL
005 20260228163920.0
008 180129d19791979xo mr|n 0 0b0slo
035 |a SNK000222266 
040 |a SNK  |b slo  |c SNK  |e AACR2 
041 0 |a slo 
044 |a xo  |c SK 
072 7 |a 004  |x Počítačová veda. Výpočtová technika. Informačné technológie  |2 konspekt 
080 |a 004  |2 2011 
080 |a 050  |2 2001 
245 0 0 |a Informačný spravodaj ZVT 
260 |a Banská Bystrica  |b Závody výpočtovej techniky  |c 1979 
300 |a 1 zv.  |c 29 cm 
310 |a 1x mesačne 
362 0 |a Č. 1 (1979)-č. 7 (1979) 
500 |a Pokračuje pod názvom: Spravodajca Závodov výpočtovej techniky Banská Bystrica 
650 0 7 |a výpočtová technika  |2 SNKPH  |9 1126 
655 7 |a noviny  |2 SNKPH  |9 72987 
785 0 0 |t Spravodajca Závodov výpočtovej techniky Banská Bystrica 
850 |a Slovenská národná knižnica v Martine 
910 |a snk 
999 |c 11264  |d 13194 
952 |0 0  |1 0  |4 0  |7 0  |a SNK  |b SNK  |d 2002-01-08  |l 0  |o snkČSA 1063/1979/1  |p 17A0322419  |r 2005-01-01 00:00:00  |w 2026-02-21  |y PREZ